MDQL
is popping MORE tags! Check the
thread
!
Quizzes
Events
Quiz Creation
Community
Videos
Private Events
Remove Ads
Sign In
Join for FREE
Feedback
Dark Mode
Quiz Categories
Sports
Geography
Music
Movies
Television
Just For Fun
Miscellaneous
History
Literature
Language
Science
Gaming
Entertainment
Religion
Holiday
For Kids
Quiz Lab
Recent
Popular Today
Quiz Kudos Today
Editor Picks
Curator Picks
Quizzes by...
Day
Popularity
Type
Ratings
Length
Year
Community
Subscriptions
Recent Discussions
Orange Saloon
Badges
Playlists
Quests
Create
Leaderboards
Showdown
Live 5
Trivia Bingo
Activity
Puzzle Library
Sporcle Events
Private Events
Virtual Trivia
Globe League
Become a Host
Pub Owners
SporcleCon
Opinionation
Our Games
Videos
Blog
Mobile Apps
Partnerships
Remove Ads and Go Orange
Feedback
Science
Computer
Plants
Astronomy
Chemistry
Elements
Math
Animal
Physics
Anatomy
Biology
Geology
General Science
Science
Computer
Plants
Astronomy
Chemistry
Elements
Math
Animal
Physics
Anatomy
Biology
Geology
General Science
Random Quiz
Search Sporcle
×
Quiz Lab
Quiz Lab
Science
Type in answers that appear in a list
Type in answers that appear in a list
Classic
Best Score? Go Orange.
Gross Anatomy - Extremities Stats
Can you name the Gross Anatomy - Extremities?
By
yhatzee79
20m
111 Questions
47 Plays
47 Plays
47 Plays
Comments
Comments
Give Quiz Kudos
Give Quiz Kudos
-
- Ratings
hide this ad
Replay
Link that replays current quiz
Next Quiz
Link to next quiz in quiz playlist
You Got
0%
They Got
Avg Score
20%
Avg Friend Score
Upgrade to see
Score Distribution
Jump to the score distribution portion of the page
Score
0/111
Timer
20:00
0
Plays Today
% Correct
head
63.8%
head
63.8%
head
63.8%
neck
57.4%
Acromion
51.1%
scaphoid
44.7%
lunate
44.7%
lateral epicondyle
40.4%
medial epicondyle
40.4%
hamate
40.4%
medial epicondyle
40.4%
lateral epicondyle
40.4%
Trapezium
38.3%
trapezoid
38.3%
metacarpals
38.3%
Coracoid process
36.2%
olecranon
36.2%
greater trochanter
36.2%
lesser trochanter
36.2%
supraspinous fossa
34%
infraspinous fossa
34%
capitate
34%
trochlea
31.9%
coronoid process
31.9%
navicular
31.9%
surgical neck
29.8%
ulnar notch
29.8%
radial notch
29.8%
medial condyle
29.8%
lateral condyle
29.8%
spine of scapula
27.7%
anatomical neck
27.7%
proximal phalanges
27.7%
distal phalanges
27.7%
linea aspera
27.7%
talus
27.7%
calcaneus
27.7%
% Correct
proximal phalanges
27.7%
distal phalanges
27.7%
subscapular fossa
25.5%
body
25.5%
capitulum
25.5%
radial tuberosity
25.5%
metatarsals
25.5%
Sternal end
23.4%
shaft
23.4%
shaft
23.4%
triquetral
23.4%
medial malleolus
23.4%
Acromial End
21.3%
middle phalanges
21.3%
tibial tuberosity
21.3%
medial cuneiform
21.3%
lateral cuneiform
21.3%
intermediate cuneiform
21.3%
cuboid
21.3%
middle phalanges
21.3%
superior angle
19.1%
inferior angle
19.1%
styloid process
19.1%
styloid process
19.1%
lateral malleolus
19.1%
medial border
17%
lateral border
17%
radial groove
17%
trochlear notch
17%
base
17%
glenoid cavity
14.9%
ulnar tuberosity
14.9%
olecranon fossa
12.8%
apex
12.8%
coronoid fossa
10.6%
hallux
10.6%
lateral supracondylar ridge
8.5%
% Correct
head of radius
8.5%
supinator crest
8.5%
gluteal tuberosity
8.5%
pectineal line
8.5%
lateral angle
6.4%
suprascapular notch
6.4%
radial fossa
6.4%
medial supracondylar ridge
6.4%
intertrochanteric line
6.4%
patellar surface
6.4%
anterior border
6.4%
anterior border
6.4%
neck of radius
4.3%
intertrochanteric crest
4.3%
medial supracondylar line
4.3%
sesamoid bone
4.3%
suprascapular border
2.1%
infraglenoid tubercule
2.1%
Greater tubercule
2.1%
lesser tubercule
2.1%
intertubercular sulcus
2.1%
head of ulna
2.1%
intercondylar fossa
2.1%
calcaneal tuberosity
2.1%
sustentaculum tali
2.1%
detoid tuberosity
0%
proxial radioulnar joint
0%
distal radioulnar joint
0%
adductor tubercule
0%
lateral supraconylar line
0%
fovea capita
0%
proximal tibiofibular loint
0%
distal tibiofibular
0%
interosseous border of tibia
0%
medial condyle of tibia
0%
line for soleus muscle
0%
interconylar eminance
0%
Quiz Playlist
Details
Report
Send in Message
Add To Playlist
Classic:
Type in answers that appear in a list
Last Updated: Feb 16, 2017
Quiz Scoreboard
CHALLENGE
Sign Up to Join the Scoreboard
Show All
Scores
Hide
Comments
May contain spoilers
Recently Published
5x2 Blitz: Bands
by SL_Kpop136
Music
30s
Colored Red Africa Blitz
by spor1
Geography
30s
Find the 'City' Movie
by crazypaving
Movies
60s
More to Explore
Quiz From the Vault
Featured Blog Post
14 Easter Pick-up Lines to Find Eggs With
hide this ad
You Might Also Like...
Tags
This quiz does not have any tags.
Today's Top Quizzes in Science
Browse Science
hide this ad
Top Contributed Quizzes in Science
1
Quick Pick: Radians
2
Quick Pick: 'CI-CJ' Animals
3
The First 100 Digits of Pi
4
Elements In Images
5
perfect squares 1-25
6
One Thing in Common: Science
7
One Thing in Common: Science II
8
One Thing in Common: Animals
9
One Thing in Common: Science III
10
Order Up: Organs and Body Systems
Explore More
Trending Topics
Harry Potter
Marvel
Disney
Crossword
Anime
Kpop
NBA
Soccer
Country
NFL
WWE
The Office
Puzzle
Song
Pokémon
hide this ad
More By:
yhatzee79
Quiz
Plays
Rating
Category
Featured
Created
Spine, Thoracic, and Hip Bones
155
4.50
Science
Sep 7, 2010
Gross Anatomy - Extremities
47
3.50
Science
Sep 7, 2010
Go to Creator's Profile
Score Distribution
Quiz Creator Spotlight
yhatzee79
Follow
Send a Message
Quizzes Created
-
Created Quiz Play Count
-
More By This Creator
Popular Quizzes Today
1
5x2 Blitz: Bands
2
Find the 'City' Movie
3
Find the US States - No Outlines Minefield
4
Colored Red Africa Blitz
5
The Countries of the World
6
Find the US States
7
Risky Map Clicking: Biggest States A-Z
8
9x9 Crossword: Cartoon Network
More Science Quizzes
Freshwater Fishes of Oceania
Curator's Pick
Trending Quizzes
Colored Red Africa Blitz II
Colored Red Europe Blitz I
Find the 'Dark' Movie
Find the 'Day' Movie
Find the 'Good' Movie
Recently Updated
Champions League XIs: Real Madrid
pecheneg
Largest US Cities 1790-2010
pecheneg
Rides in Walt Disney World
pecheneg
Most Oscar Losses (Acting)
pecheneg
Beyoncé Albums
pecheneg
Leaping Animals
pecheneg
Reality TV Shows (A-Z)
bhenderson79
Rickey Henderson's Hall of Fame Teammates
pecheneg
Champions League XIs: Arsenal
pecheneg
Quick Pick: Celebrities in WWE's Hall of Fame
aduchscher
Trending Topics
Marvel
Crossword
Anime
Kpop
NBA
Harry Potter
Disney
Song
NFL
Pokémon
Puzzle
WWE
Soccer
Country
The Office
Your Account Isn't Verified!
In order to create a playlist on Sporcle, you need to verify the email address you used during registration. Go to your
Sporcle Settings
to finish the process.
Report this User
Report this user for behavior that violates our
Community Guidelines
.
Details:
Send Report
Go to the Sporcle.com Mobile Site →
Comments